Crónica de una muerte anunciada

-д хадгалсан:
Номзүйн дэлгэрэнгүй
Үндсэн зохиолч: García Márquez, Gabriel (Зохиогч)
Формат: Ном
Хэл сонгох:испани
Хэвлэсэн: Lima Peisa 1990
Цуврал:Biblioteca Peruana
Нөхцлүүд:
Шошгууд: Шошго нэмэх
Шошго байхгүй, Энэхүү баримтыг шошголох эхний хүн болох!

MARC

LEADER 00000nam a2200000 a 4500
001 UCH4134
003 CL-VaPUC
008 090818e19900000PE |||||||||||||||||spa|d
082 0 4 |a Co863  |b GAR  |2 21 
100 0 |a García Márquez, Gabriel  |e author  |9 318478 
245 1 0 |a Crónica de una muerte anunciada 
300 |a 193 p 
942 |c BK 
945 |d 20090818 00:00:00  |a lazolas 
260 |a Lima  |b Peisa  |c 1990 
650 0 |a Novelas colombianas  |9 266734 
583 |a last modification  |c 20090818 00:00:00  |k Rodrigo Vera 
490 0 |a Biblioteca Peruana 
999 |c 335478  |d 335476